Statistics for EU General Knowledge Quiz

Click here to take the quiz!

General Stats

  • This quiz has been taken 31 times
  • The average score is 10 of 20

Answer Stats

HintAnswer% Correct
Name a country who's part of the Inner SixBelgium/France/Italy/Luxembourg/Netherlands/West Germany
82%
What's the most popular sport?Football
79%
Name one of the three most spokenItalian/German/French
75%
How many stars are on the EU flag?12
68%
Where's the european commission located?Bruxelles
64%
Which city is the biggest metropolis amongst the EU?Paris
61%
How many members does the EU have?27
57%
Which country was the last one to join the EU?Croatia
57%
When has the Brexit officially taken place?Jan 31st 2020
54%
Which country is the smallest EU country by area?Malta
54%
What's the average life expectancy?80.46 years
50%
Which country has the highest GDP per capita?Luxembourg
50%
When was the European Union established?Nov 1st 1993
50%
How many official languages does the EU have?24
46%
Name one candidate country which is currently negotiating the terms of the EU membershipBosnia & Herzegovina/Montenegro/North Macedonia/Albania/Serbia
46%
And where was the treaty signed?Maastricht
46%
Which country is the biggest trading partner amongst EU countries?China
36%
What's the EU's median age?44.1 years
32%
Where's the tallest building in the EU located?Warsaw
21%
Who's the current President of the European Parliament?Roberta Metsola
14%

Score Distribution

Percentile by Number Answered

Percent of People with Each Score

Your Score History

You have not taken this quiz